US Presidents by Haiku Quiz Stats

 Plays Quiz Updated Aug 29, 2018

Challenge
Share
Tweet
Embed
Score 0/20 Timer 03:00
6 Plays Today
Haiku President % Correct
Preserved the Union / He was assassinated / Four score, seven years...Abraham Lincoln
84.9%
Louisiana / He wrote the Declaration / Monticello manThomas Jefferson
81.7%
Middle name just S. / General in Civil War / Liked to hit the sauceUlysses S. Grant
80.7%
The second guy's son / He beat out Andrew Jackson / Then he lost to himJohn Quincy Adams
76%
First in the White House / Defended British Soldiers / Father of the SixthJohn Adams
74.2%
Made namesake doctrine / Supported Liberia / Died on July 4James Monroe
65.7%
War of 1812 / Father of the Bill of Rights / He was a short guyJames Madison
63.2%
No parties, warned he / In his last farewell address / He was first in lineGeorge Washington
62.9%
Didn't do so much / Long Inauguration Speech / Died of PneumoniaWilliam Henry Harrison
60.7%
First to be impeached / His Seward bought Alaska / Once was a tailorAndrew Johnson
59.3%
Haiku President % Correct
The first Democrat / Indian Removal Act / Governed FloridaAndrew Jackson
52.9%
He's often ranked worst / The only Pennsylvanian / Only bachelorJames Buchanan
41.6%
Liked Civil Service / Only lasted six months though / All 'cause of GuiteauJames A. Garfield
38.7%
He was the Dark Horse / He defeated Henry Clay / Won Mexican WarJames K. Polk
38.3%
He won by one vote / He ended reconstruction / V.P. was WheelerRutherford B. Hayes
35%
Last Whig elected / Second to die in office / Last one to own slavesZachary Taylor
34.8%
Free Soil Party Guy / Panic of '37 / Hey, Old Kinderhook!Martin Van Buren
31.1%
Fugitive Slave Act / He founded Buffalo U / ...He's not so well knownMillard Fillmore
31%
Vetoed many bills / After predecessor's death / Gone in '45John Tyler
26.8%
Southern sympathies / Signed Kansas-Nebraska Act / No V.P., mostlyFranklin Pierce
25.6%

You're not logged in!

Compare scores with friends on all Sporcle quizzes.
OR
Log In

You Might Also Like...

Show Comments

Extras

Top Quizzes Today


Score Distribution

Your Account Isn't Verified!

In order to create a playlist on Sporcle, you need to verify the email address you used during registration. Go to your Sporcle Settings to finish the process.

Report this User

Report this user for behavior that violates our Community Guidelines.

Details: